000
00320nam a22001337a 4500
008
181025b xxu||||| |||| 00| 0 eng d
020
_a
9781435438897
041
_a
eng
080
_a
610
100
_a
4
101
_a
INF
245
_a
Medical Terminology A Programed Systems Approach
_c
Tanis,J
942
_2
udc
_c
BK
999
_c
50901
_d
50901